| 000 | 01475nam a22002777a 4500 | ||
|---|---|---|---|
| 005 | 20170124103157.0 | ||
| 010 | _aB-177465 | ||
| 020 | _c600.00 | ||
| 035 | _aB-177465 | ||
| 037 | _bCen Lib/Ret | ||
| 040 |
_aDPL _bHN |
||
| 082 |
_a305.52 _bदुसाध |
||
| 100 |
_aदुसाध, एच.एल. _990292 |
||
| 245 |
_aसामाजिक परिवर्तन में बाधक हिन्दुत्व / _cएच.एल.दुसाध ; सम्पादक राकेश पाण्डेय [और] ज्ञानेन्द्र रावत |
||
| 246 |
_aSamajik parivartan me badhak hindutv / _bby H.L.Dusadh ; sampadak Rakesh Pandey [aur] Gyanendra Rawat |
||
| 260 |
_aनई दिल्ली _bदलित लेखक संघ _c2005 |
||
| 270 |
_bनई दिल्ली _aफ्लैट नं.002, गुप्ता अपार्टमेंट, 149/9, किशंगड़, वसंत कुंज _e110070 |
||
| 300 |
_a607पृ. _c20सेमी(सजिल्द) |
||
| 650 |
_aदलित पत्रकारिता _93310 |
||
| 650 |
_aसामाजिक परिवर्तन -- बाधक _93799 |
||
| 650 |
_aDalit journalism _990293 |
||
| 650 |
_aSocial change - Baffle _990294 |
||
| 700 |
_aपाण्डेय, राकेश _990295 |
||
| 700 |
_aरावत, ज्ञानेन्द्र _945637 |
||
| 942 |
_2ddc _cHN _h305.52 _mदुसाध |
||
| 999 |
_c120410 _d120410 |
||